Famous People - Statistics

General Stats
  • This quiz has been taken 44 times
  • The average score is 5 of 15
Answer Stats
Picture Answer % Correct
Hirohito
76%
Benito Mussolini
70%
Pablo Escobar
70%
Heinrich Himmler
67%
Otto von Bismarck
55%
Joaquin Guzman Loera "El Chapo"
33%
Rudolf Hess
33%
Paul von Hindenburg
24%
Alexander Stubb
21%
Pekka Siitoin
21%
Daniel Andre Tande
18%
Rodoljub Vulovic "Roki"
15%
Seppo Lehto
15%
Nikolai Antropov
12%
Tommy Salo
12%
No matching quizzes found
Score Distribution
Percent of People with Each Score
Percentile by Number Answered
Your Score History
You have not taken this quiz